Tallest Players in Premiership Quiz Stats

 Plays Quiz not verified by Sporcle

Challenge
Share
Tweet
Embed
Score 0/20 Timer 08:00
0 Plays Today
Club Player % Correct
TottenhamPeter Crouch
98.8%
ChelseaPetr Cech
54.2%
PortsmouthDavid James
53.8%
FulhamBrede Hangeland
35.8%
PortsmouthNwankwo Kanu
33.2%
EvertonMarouane Fellaini
29.1%
BoltonZat Knight
26.6%
WolvesStefan Maierhofer
14.3%
WolvesWayne Hennessey
11.9%
PortsmouthAsmir Begovic
10.7%
Club Player % Correct
StokeThomas Sorensen
10.7%
SunderlandMarton Fulop
10.4%
HullMatt Duke
5.3%
HullAnthony Gardner
5.1%
Manchester CityStuart Taylor
4.6%
BoltonAli Al Habsi
3.9%
EvertonCarlo Nash
3.4%
BurnleyDiego Penny
2.9%
FulhamPascal Zuberbuhler
2.2%
ArsenalWojciech Szczesny
0.2%

You're not logged in!

Compare scores with friends on all Sporcle quizzes.
Join for Free
OR
Log In

You Might Also Like...

Show Comments

Extras

Top Quizzes Today


Score Distribution

Your Account Isn't Verified!

In order to create a playlist on Sporcle, you need to verify the email address you used during registration. Go to your Sporcle Settings to finish the process.

Report this User

Report this user for behavior that violates our Community Guidelines.

Details: